| 000 | 00719nam a22001937a 4500 | ||
|---|---|---|---|
| 005 | 20240112163647.0 | ||
| 010 | _aB-756983-987 ENG | ||
| 020 |
_c550.00 _a9781138370333 |
||
| 035 | _aB-756983-987 | ||
| 037 | _bAakar Books | ||
| 082 | _a158.1 | ||
| 100 |
_aRussell _960930 |
||
| 245 |
_aThe Conquest of Happiness/ _cRussell |
||
| 260 |
_aLondon _bRoutledge Classics _c2023 |
||
| 270 |
_bLondon _a2 Park Square, Milton Park, Abingdon, _eOX144RN |
||
| 300 |
_axiii, 183p. _c20cm(pbk) |
||
| 942 |
_2ddc _cEN _h158.1 _mRUS |
||
| 999 |
_c199945 _d199945 |
||